000 00942nam a2200205Ia 4500
003 IT-RoPAU
005 20220918175920.0
008 120407s9999 xx 000 0 und d
040 _aIT-RoPAU
_c20130404110912.0
040 _cIT-RoPAU
041 _aita
100 _aPerino Renato
_9460
245 _aGovernare è amare.
_bConferenze ai superiori italiani.
250 _a1° ed
260 _c1987
_aAriccia
_bSSP
300 _a64 p.
_c21 cm
520 _aIndice Introduzione agli esercizi spirituali I. Governare, dirigere sono "vocazioni al servizio": La "Diakonia" dell'autorità II. Capacità di lavorare assieme: Partecipazione e collaborazione III. Pensare assieme sistematicamente e pianificare IV. Il discernimento personale e comunitario V. Riflessione sul "rinnovamento della missione paolina": Orizzonte del nostro ministero di direzione e priorità stabilita dal V Capitolo Generale
942 _cBK
_2ddc
999 _c36189
_d36189